Guardians of the Galaxy (2014) character screen time - Statistics

General Stats
  • This quiz has been taken 152 times
  • The average score is 11 of 18
Answer Stats
screen time Answer % Correct
46:45 Peter Quill
99%
19:30 Rocket
99%
18:00 Drax
98%
31:00 Gamora
98%
15:30 Groot
98%
4:30 Nebula
83%
7:45 Ronan
83%
1:00 Thanos
75%
6:00 Yondu Udonta
75%
2:30 The Collector
64%
1:45 Kraglin Obfonteri
46%
2:15 Korath
35%
1:30 Meredith Quill
29%
1:30 Carina
27%
3:00 Rhomann Dey
23%
:45 The Other
20%
2:30 Nova Prime Irani Rael
17%
:45 Denaarian Saal
8%
No matching quizzes found
Score Distribution
Percent of People with Each Score
Percentile by Number Answered
Your Score History
You have not taken this quiz